ARRUPE JESUIT UNIVERSITY

CORONAVIRUS -STOP THE SPREAD - CLEAN,DISINFECT,COVER

The future of indigenous museums : (Record no. 128813)

MARC details
000 -LEADER
fixed length control field 01473cam a2200325 a 4500
001 - CONTROL NUMBER
control field 14868055
003 - CONTROL NUMBER IDENTIFIER
control field ARRUPE
005 - DATE AND TIME OF LATEST TRANSACTION
control field 20190129173815.0
008 - FIXED-LENGTH DATA ELEMENTS--GENERAL INFORMATION
fixed length control field 070529s2007 nyua b 001 0 eng
010 ## - LIBRARY OF CONGRESS CONTROL NUMBER
LC control number 2007021965
020 ## - INTERNATIONAL STANDARD BOOK NUMBER
International Standard Book Number 9781845451882 (hardback : alk. paper)
020 ## - INTERNATIONAL STANDARD BOOK NUMBER
International Standard Book Number 1845451880 (hardback : alk. paper)
035 ## - SYSTEM CONTROL NUMBER
System control number (OCoLC)ocn137331464
035 ## - SYSTEM CONTROL NUMBER
System control number (OCoLC)137331464
040 ## - CATALOGING SOURCE
Original cataloging agency DLC
Transcribing agency DLC
Modifying agency BTCTA
-- BAKER
-- C#P
-- YDXCP
-- DLC
043 ## - GEOGRAPHIC AREA CODE
Geographic area code po-----
050 00 - LIBRARY OF CONGRESS CALL NUMBER
Classification number SPC. GN36.O34
Item number F87 2007
082 00 - DEWEY DECIMAL CLASSIFICATION NUMBER
Classification number 069.0995
Edition number 22
300 ## - PHYSICAL DESCRIPTION
Other physical details ill. ;
Dimensions 24 cm.
245 04 - TITLE STATEMENT
Title The future of indigenous museums :
Remainder of title perspectives from the southwest Pacific /
Statement of responsibility, etc edited by Nick Stanley.
260 ## - PUBLICATION, DISTRIBUTION, ETC. (IMPRINT)
Place of publication, distribution, etc New York :
Name of publisher, distributor, etc Berghahn Books,
Date of publication, distribution, etc 2007.
300 ## - PHYSICAL DESCRIPTION
Extent viii, 268 p. :
440 #0 - SERIES STATEMENT/ADDED ENTRY--TITLE
Title Museums and collections
9 (RLIN) 44139
504 ## - BIBLIOGRAPHY, ETC. NOTE
Bibliography, etc Includes bibliographical references (p. [239]-254) and index.
650 #0 - SUBJECT ADDED ENTRY--TOPICAL TERM
Topical term or geographic name as entry element Ethnological museums and collections
Geographic subdivision Oceania.
9 (RLIN) 44140
700 1# - ADDED ENTRY--PERSONAL NAME
Personal name Stanley, Nick.
9 (RLIN) 44141
Relator term ed.
906 ## - LOCAL DATA ELEMENT F, LDF (RLIN)
a 7
b cbc
c orignew
d 1
e ecip
f 20
g y-gencatlg
942 ## - ADDED ENTRY ELEMENTS (KOHA)
Source of classification or shelving scheme Library of Congress Classification
Koha item type SPC
Holdings
Withdrawn status Lost status Source of classification or shelving scheme Damaged status Not for loan Collection code Home library Current library Shelving location Date acquired Total Checkouts Full call number Barcode Date last seen Price effective from Koha item type
    Library of Congress Classification     SPECIAL Collection ARRUPE LIBRARY ARRUPE LIBRARY REFERENCE 24/01/2019   SPC. GN36.O34 F87 2007 46600003405 24/01/2019 24/01/2019 SPC

 

Arrupe Library. PO Box MP320 Mt Pleasant, Harare, Zimbabwe
263 242 745411|librarian@aju.ac.zw